Investigation of narcotics trafficking proceeds, Chicago, Illinois : hearings before the Select Committee on Narcotics Abuse and Control, House of Representatives, Ninety-fifth Congress, first session, September 30, 1977.

Bibliographic Details
Corporate Authors: United States. Congress. House. Select Committee on Narcotics Abuse and Control, ProQuest (Firm)
Format: Government Document eBook
Language:English
Published: Washington : U.S. Govt. Print. Off, 1978.
Series:U.S. Congressional Hearings.
Subjects:
Online Access:Connect to the full text of this electronic book

MARC

Tag First Indicator Second Indicator Subfields
LEADER 00000cam a22000001a 4500
001 in00003202017
006 m d f
007 cr bn mmmapmmp
008 090922s1978 dcua ob f000 0 eng d
005 20260511195145.8
035 |a cis2007443960 
040 |a UMI  |c UMI  |d UtOrBLW 
043 |a n-us--- 
074 |a 1009 
086 0 |a Y 4.N 16:95-1-15 
099 |a HRG-1977-NAC-0001 
110 1 |a United States.  |b Congress.  |b House.  |b Select Committee on Narcotics Abuse and Control. 
245 1 0 |a Investigation of narcotics trafficking proceeds, Chicago, Illinois :  |b hearings before the Select Committee on Narcotics Abuse and Control, House of Representatives, Ninety-fifth Congress, first session, September 30, 1977. 
264 1 |a Washington :  |b U.S. Govt. Print. Off,  |c 1978. 
300 |a 1 online resource. 
336 |a text  |b txt  |2 rdacontent 
337 |a computer  |b c  |2 rdamedia 
338 |a online resource  |b cr  |2 rdacarrier 
490 0 |a SCNAC ;  |v no. 95-1-15 
504 |a Includes bibliographical references. 
538 |a System requirements: PDF reader software. 
500 |a Electronic resource. 
650 0 |a Drug control  |z Illinois  |z Chicago. 
655 7 |a Electronic books.  |2 local 
710 2 |a ProQuest (Firm) 
776 0 8 |i Print version:  |a United States. Congress. House. Select Committee on Narcotics Abuse and Control.  |t Investigation of narcotics trafficking proceeds, Chicago, Illinois  |w (OCoLC)04049883  |w gp 78019199 
776 0 8 |i Microfiche version:  |a United States. Congress. House. Select Committee on Narcotics Abuse and Control.  |t Investigation of narcotics trafficking proceeds, Chicago, Illinois.  |d [Bethesda, Md.] : ProQuest,[2004]  |o CIS 78 H961-2  |w (ProQuest)cis07801777 
830 0 |a U.S. Congressional Hearings. 
856 4 0 |u http://proxy.library.tamu.edu/login?url=https://congressional.proquest.com/congcomp/getdoc?HEARING-ID=HRG-1977-NAC-0001  |z Connect to the full text of this electronic book  |t 0 
998 |a cis07801777 
999 |a MARS 
999 f f |s a0785cfc-232e-3d7a-9f32-17938162670e  |i 845ff490-cef8-3f24-94bf-5589db102202  |t 0 
952 f f |a Texas A&M University  |b College Station  |c Electronic Resources  |s www_evans  |d Available Online  |t 0  |e HRG-1977-NAC-0001  |h Other scheme 
998 f f |a HRG-1977-NAC-0001  |t 0  |l Available Online